Komentár k Gellnerovej recenzii

Bibliographic Details
Main Author: Davies, Martin L. (Author)
Other Authors: Hanulová, Jana (Translator)
Format: Article
Language:Slovak
English
PhysicalDescription:Fotogr.
ISSN:1335-1710
Subjects:

MARC

LEADER 00000nab a2200000 a 4500
001 vtls008160060
003 SK-MaSNL
005 20260304134942.0
008 250505c2004 xo mr|p|||||||000 b|slo
015 |a SNBRB2005/06  |2 snkbucl 
035 |a (uuid)4830a41a-ccf2-445c-b13b-8a8bcef3f4e2 
035 |a urn:nbn:sk:snk-abf4im 
035 |a (urnnbn)urn:nbn:sk:snk:ar-a09np8 
038 |a SNKBUCL 
040 |a SNKBUCL  |b slo  |c SNKBUCL  |e AACR2 
041 1 |a slo  |h eng 
044 |a xo  |c SK 
080 |a 1-051  |x (430)  |x (048)  |2 1997 
080 |a 14  |x (430)  |x (048)  |2 1997 
100 1 |a Davies, Martin L.  |4 aut  |9 1453552 
245 1 0 |a Komentár k Gellnerovej recenzii  |c Martin L. Davies ; z angličtiny preložila Jana Hanulová 
300 |b Fotogr. 
504 |a Bibliogr. odkazy 
600 1 7 |a Arendt, Hannah,  |d 1906-1975  |2 snkbucl  |9 109258 
650 0 7 |a nemecká klasická filozofia  |2 snkbucl  |9 67364 
650 0 7 |a biografie  |2 snkbucl  |9 111226 
655 7 |a recenzie  |2 snkbucl  |9 21907 
655 7 |a komentáre  |2 snkbucl  |9 70412 
700 1 |a Hanulová, Jana  |4 trl  |9 733769 
773 0 |t Kritika & Kontext  |g Roč. IX, č. 1 (2004), s. 77-79  |x 1335-1710 
787 0 8 |i Rec.:  |a Young-Bruehl, Elisabeth, 1946-  |t Hannah Arendt : for love of the world  |d Binghamton (N.Y.) : Vail-Ballou Press, 1982 
850 |a Slovenská národná knižnica 
852 |a Slovenská národná knižnica 
954 |a odborná, vedecká literatúra pôvodná (slovenská)  |2 lita 
958 |a article2022 
958 |a DE 
958 |a BC 
958 |a NB 
958 |a OND 
958 |a EUIPO 
999 |c 2908843  |d 2910773